Stochastic modeling of scientific data
Αποθηκεύτηκε σε:
| Κύριος συγγραφέας: | |
|---|---|
| Μορφή: | Βιβλίο |
| Γλώσσα: | English |
| Δημοσίευση: |
London :
Chapman & Hall,
c1995
|
| Σειρά: | Stochastic modeling
|
| Θέματα: | |
| Ετικέτες: |
Προσθήκη ετικέτας
Δεν υπάρχουν, Καταχωρήστε ετικέτα πρώτοι!
|
MARC
| LEADER | 00000nam a2200000 i 4500 | ||
|---|---|---|---|
| 001 | 1/100427 | ||
| 008 | 090129s1995 eng d | ||
| 020 | |a 0-412-99281-7 | ||
| 035 | |l 10102854 | ||
| 040 | |a GR-MY-UA |b gre |e aacr | ||
| 041 | 0 | |a eng | |
| 082 | 0 | |a 519.2 |2 (22) | |
| 100 | 1 | |a Guttorp, Peter. | |
| 245 | 1 | 0 | |a Stochastic modeling of scientific data / |c Peter Guttorp |
| 260 | |a London : |b Chapman & Hall, |c c1995 | ||
| 300 | |a xii, 372 σ.; |b εικ.; |c 25 εκ. | ||
| 490 | 1 | |a Stochastic modeling | |
| 504 | |a Περιέχει βιβλιογραφία (σ. 332-348) και ευρετήριο | ||
| 650 | 0 | 0 | |a Stochastic processes. |
| 830 | 0 | |a Stochastic modeling | |
| 852 | |a INST |b SAMOS |e 20090129 |h 519.2 GUT |p 005300029468 |q 005300029468 |t BK |y 0 | ||
| 901 | |a BIBL3-2009-1 | ||
| 909 | |a Σ |b 155507 | ||
| 922 | |a 3ΕΛΗ |b 200808 |c ΕΠΕΑΕΚ2/ΤΜΗΜΑ ΜΑΘΗΜΑΤΙΚΩΝ-ΠΡΟΠΤΥΧΙΑΚΟ |d ΜΙΧΑΛΟΠΟΥΛΟΣ | ||
| 970 | |a ΣΙΤΖΙΜΗ |b ΓΙΑΣΕΜΗ |z 2009/01/29 | ||